Pokémon - Les attaques de Rémoraid - Statistiques

Statistiques générales
  • Ce quiz a été pris 16 fois
  • Le résultat moyen est 8 sur 13
Statistiques - réponses
Niveaux Types Noms des attaques % Correct
Niveau 32 Glace Laser Glace
100%
Départ Eau Pistolet à O
100%
Niveau 36 Eau Hydrocanon
90%
Niveau 28 Plante Balle Graine
80%
Niveau 44 Normal Ultralaser
80%
Niveau 20 Eau Bulles d'O
70%
Niveau 12 Psy Rafale Psy
60%
Niveau 4 Eau Vibraqua
60%
Niveau 16 Glace Onde Boréale
50%
Niveau 40 Eau Détrempage
40%
Niveau 8 Normal Puissance
40%
Niveau 24 Normal Verrouillage
30%
Départ Normal Coup d'Main
10%
Aucun quiz correspondant
Distribution des résultats
% des personnes avec chaque résultat
Percentile par nombre de réponses
Votre historique - résultats
Vous n’avez pas pris ce quiz